• 首页
  • 本馆介绍
  • 公告通知
  • 最新文献
  • 馆藏检索
  • 电子资源
  • 读者导购
  • 参考咨询
  • 我的图书馆
  • 登录
  • 详细信息显示
  • 放入我的书架
  • 预约/预借图书
  • 作者相关作品
  • 分类相关作品
  • 丛书相关作品
  • 出版社相关作品

书目信息

  • 表格格式
  • 工作单格式
  • 卡片格式
题名:
研究生入学试题
    
 
作者: ;北京市高等学校招生办公室 编选
分册: 1981~1987  
出版信息: 北京   航空工业出版社  1987
页数: 279页
开本: 26cm
丛书名:
单 册:
中图分类: N44
科图分类:
主题词: 研究生--入学考试--试题 , 自然科学--习题 , 自然科学--问答
电子资源:
ISBN: 7-80046-002-9
000 00784nam0 2200253 45
001 0187002861
005 20040518110730.5
010    @a7-80046-002-9@dCNY3.90
100    @a19900808d1987 em y0chiy0121 ea
101 0  @achi
102    @aCN@b110000
105    @ay z 000yy
106    @ar
200 10 @a研究生入学试题@Ayan jiu sheng ru xue shi ti@h1981~1987@f北京市高等学校招生办公室编选
210    @a北京@c航空工业出版社@d1987
215    @a279页@d26cm
606    @a研究生@x入学考试@x试题
606 0  @a自然科学@x习题
606 0  @a自然科学@x问答
690    @aN44
711 02 @a北京市高等学校招生办公室@Abei jing shi gao deng xue xiao zhao sheng ban gong shi@4编选
801  0 @aCN@b深圳图书馆@c20040518
801  2 @aCN@bNLC@c20040518
905    @f2@b211450-451@dN44@e192(81-87)
    
    研究生入学试题.1981~1987/北京市高等学校招生办公室编选.-北京:航空工业出版社,1987
    279页;26cm
    
    
    ISBN 7-80046-002-9:CNY3.90
    
●
相关链接 在E读中查询图书 在五车中查询图书 在当当中查询图书 在豆瓣中查询图书


正题名:研究生入学试题     索取号:N44/192(81-87)         预约/预借

序号 登录号 条形码 馆藏地/架位号 状态 备注
1 0211450   000570894   第三借阅区/ [索取号:N44/192(81-87)] 在馆    
2 0211451   000570901   第三借阅区/ [索取号:N44/192(81-87)] 在馆    
唐山师范学院图书馆 欢迎您!
大连网信软件有限公司© 版权所有